| 000 | 00891 a2200157 4500 | ||
|---|---|---|---|
| 003 | Nust | ||
| 005 | 20170207153201.0 | ||
| 040 | _cNust | ||
| 082 | _a621.38 | ||
| 245 |
_aHandbook of Line Communication _cRoyal Signals |
||
| 260 |
_aLondon _bHer Majesty's Stationery _c1947 |
||
| 300 | _a905:p | ||
| 505 | _aAn Introduction to Line Communication (Page-1) Mathematics (Page-20) Direct Currents (Page-118) Alternating Currents Ac Circuits (Page-187) Metal Rectifier and Power Supplies (Page-275) Thermionic Valves (page-323) Valve Amplifiers (Page-376) Feedback (Page-421) Oscillators (page-463) Modulation (Page-493) The Cathode Ray Oscilloscope (Page-532) Four-Terminal Networks (Page-561) Attenuation and Attenuators (Page-605) Filters (page-635) Line Transmission (Page-703) Mathematical Treatment Line Transmission (Page-749) | ||
| 538 | _aAlmirah No.129 Shelf No.4 | ||
| 650 | _a Communication | ||
| 942 |
_2ddc _cBK |
||
| 999 |
_c180975 _d180975 |
||